00636nab a2200217uuc4500001000800000005001700008008004100025035001200066035002100078040001300099041000800112245002200120260001700142650003300159650003600192650004200228650003200270773008700302942001000389999001900399127267520240904090253.0120216e18820901 spa  a1272675 a(OCoLC)820628964 ccomduadb aspa10aAparato aspirador c01-sep-1882. aCálculos (Medicina)949898 aLitotricia extracorporea991022 aSociedad de Cirugia de Bogota9107210 7aCirugia general2dcs9138150 tVol. 07, No. 86, Ago. 1883gVol. 07, No. 77, Oct. 1882, P. 202-206w4862650128246 cARIMP c606632d606632